Дело о выкупе земельных наделов временнообязанными крестьянами Н.К. фон Рутцен, А.К. Татариновой, С.К. Пфель села Хотетова Орлов...

Доступно только в Электронных читальных залах Найти на картеНа карте
RUSMARC
00003991nmc2a2200000 x 450
00154feec40-a496-4852-8373-4f45d1dda991
00520160812131449.0
100##$a20140402l18661879k l0rusy0189 ca
1010#$arus
102##$aRU
2001#$aДело о выкупе земельных наделов временнообязанными крестьянами Н.К. фон Рутцен, А.К. Татариновой, С.К. Пфель села Хотетова Орловского уезда Орловской губернии
$j30 июля 1866 г. - 4 июля 1879 г.
251##$cДело
300##$aДело
300##$aОриг. заголовок дела: Дело фон Рутцен Н.К., Татариновой А.К., Пфель С.К. Орловской губернии Орловского уезда села Хотетова. 30 июля 1866 г. - 4 июля 1879 г
801#0$aRU
$bРГИА
$c20140402
$gRCR
801#1$aRU
$bГлавНИВЦ
$c20140402
$2rusmarc
801#2$aRU
$bПБ им. Б.Н. Ельцина
$c20160812
$gRCR
$2rusmarc
850##$aРГИА
852##$aРГИА
$eФедеральное казенное учреждение "Российский государственный исторический архив" (РГИА)
$j2621
937##$hРГИА
$d11086038
$aASBIBLIO_SCAN
462#0$10012327ab3a-0548-404e-b4cb-e37355ac5039
$12001
$a1863-1889 гг.
$1251
$cОпись
$1852
$j26
461#0$10018ef30ad5-ff5c-4840-a721-74c62a200f95
$12001
$aГлавное выкупное учреждение Министерства финансов
$1251
$cФонд
$1852
$j577
215##$a39 л.
$d36,5x26 см
371##$aДокумент не является опубликованным и широко распространяемым
105##$aу###
1222#$ad
5171#$aДело фон Рутцен Н.К., Татариновой А.К., Пфель С.К. Орловской губернии Орловского уезда села Хотетова. 30 июля 1866 г. - 4 июля 1879 г
035##$a54feec40-a496-4852-8373-4f45d1dda991
Формат отображения